Автограф (Запись № 381200)

Подробности
000 -МАРКЕР
контрольное поле 00925nam1a2200373 i 4500
001 - ИДЕНТИФИКАТОР ЗАПИСИ
контрольное поле RU\NLR\bibl\71002
005 - ИДЕНТИФИКАТОР ВЕРСИИ
контрольное поле 20240725211434.0
035 ## - ДРУГИЕ СИСТЕМНЫЕ НОМЕРА
Идентификатор записи (NLR Aleph) 000069272
100 ## - ДАННЫЕ ОБЩЕЙ ОБРАБОТКИ
Данные общей обработки 20000218g19 9999u y0rusy50 ca
101 0# - ЯЗЫК РЕСУРСА
Язык текста, звукозаписи и т.д. русский
102 ## - СТРАНА ПУБЛИКАЦИИ ИЛИ ПРОИЗВОДСТВА
Страна публикации Российская Федерация
105 ## - ПОЛЕ КОДИРОВАННЫХ ДАННЫХ: ТЕКСТОВЫЕ МАТЕРИАЛЫ, МОНОГРАФИЧЕСКИЕ
Кодированные данные о монографическом текстовом документе y |||||||||
200 1# - ЗАГЛАВИЕ И СВЕДЕНИЯ ОБ ОТВЕТСТВЕННОСТИ
Основное заглавие Автограф
Сведения, относящиеся к заглавию [Сб. стихов]
210 ## - ПУБЛИКАЦИЯ, РАСПРОСТРАНЕНИЕ И ДР.
Место издания, распространения и т.д. СПб.
Имя издателя, распространителя и т. д. Б.и.
Дата издания, распространения и т.д. 1999
215 ## - ФИЗИЧЕСКАЯ ХАРАКТЕРИСТИКА
Размеры 10
463 #0 - УРОВЕНЬ ФИЗИЧЕСКОЙ ЕДИНИЦЫ
Встроенное поле 00168923
463 #0 - УРОВЕНЬ ФИЗИЧЕСКОЙ ЕДИНИЦЫ
Встроенное поле 001170831
463 #0 - УРОВЕНЬ ФИЗИЧЕСКОЙ ЕДИНИЦЫ
Встроенное поле 001369784
463 #0 - УРОВЕНЬ ФИЗИЧЕСКОЙ ЕДИНИЦЫ
Встроенное поле 0011681528
686 2# - ИНДЕКСЫ ДРУГИХ КЛАССИФИКАЦИЙ
Индекс Ш6(2=Р)75-5
686 2# - ИНДЕКСЫ ДРУГИХ КЛАССИФИКАЦИЙ
Индекс Ш6(2=Р)75-999
686 2# - ИНДЕКСЫ ДРУГИХ КЛАССИФИКАЦИЙ
Индекс Ш6(2=Р)8-5
686 2# - ИНДЕКСЫ ДРУГИХ КЛАССИФИКАЦИЙ
Индекс Ш6(2=Р)8-999
801 #0 - ИСТОЧНИК ЗАПИСИ
Страна Российская Федерация
Организация NLR
Дата составления 20000218
Правила каталогизации PSBO
801 #1 - ИСТОЧНИК ЗАПИСИ
Страна Российская Федерация
Организация NLR
Дата составления 20000218
852 ## - МЕСТОНАХОЖДЕНИЕ И ШИФР ХРАНЕНИЯ
Идентификатор организации NLR
Шифр хранения (Call Number) 72-0/1186
942 ## - ДОПОЛНИТЕЛЬНЫЕ ЭЛЕМЕНТЫ ЗАПИСИ (АБИС)
Тип экземпляра АБИС Книга

Нет доступных экземпляров.